000 00531nam a2200217Ia 4500
005 20250425161913.0
008 250425s9999 xx 000 0 und d
020 _a8480862521
041 _aspa
082 _a004.21
100 _aWHITTEN, JEFFREY L.
245 0 _aANALISIS Y DISEÑO DE SISTEMAS DE INFORMACION
250 _a3A ED.
260 _aBOGOTA
260 _aColombia
_bMcGRAW-HILL
_c1996
300 _a907
650 _aANALISIS DE SISTEMAS
650 _aDISEÑO DE SISTEMAS
942 _c01
010 _a34326
999 _c218497
_d218497